Methods for the isolation and enumeration of enteroviruses from raw waters /
Saved in:
| Main Author: | |
|---|---|
| Corporate Author: | |
| Other Authors: | |
| Format: | Book |
| Language: | English |
| Published: |
Canberra :
Australian Government Publishing Service,
1983.
|
| Series: | Research project (Australian Water Resources Council) ;
no. 77/95. Technical paper (Australian Water Resources Council) ; no. 78. |
| Subjects: |
| LEADER | 01735cam a2200373 a 4500 | ||
|---|---|---|---|
| 001 | c000281926 | ||
| 003 | CARM | ||
| 005 | 20080423123527.0 | ||
| 008 | 830314s1983 acaab b f000 0 eng d | ||
| 019 | 1 | |a 2485078 |z 12412026 |5 LACONCORD2021 | |
| 020 | |a 0644023392 : |c price unknown | ||
| 035 | |a (OCoLC)29008858 |5 LACONCORD2021 | ||
| 040 | |a ANB |b eng |c ANB |d ANL | ||
| 042 | |a anuc | ||
| 082 | 0 | 4 | |a 628.1/64 |
| 100 | 1 | |a Matthews, F. E. |q (Frances E.) | |
| 245 | 1 | 0 | |a Methods for the isolation and enumeration of enteroviruses from raw waters / |c by F.E. Mathews [i.e. Matthews] and R.P. Walters. |
| 260 | |a Canberra : |b Australian Government Publishing Service, |c 1983. | ||
| 300 | |a xxvii, 250 p. : |b ill., maps ; |c 25 cm. | ||
| 490 | 1 | |a Research project no. 77/95 | |
| 490 | 1 | |a Techncial paper ; |v no. 78 | |
| 500 | |a Natural resources: Water. Contaminants: Enteroviruses. Treatment. Methods: Filtration (ANB/PRECIS SIN 0639478) | ||
| 500 | |a At head of title: Department of National Development and Energy, Australian Water Resources Council. | ||
| 500 | |a Australian Government Publishing Service cat. no. 8308086. | ||
| 504 | |a Bibliography: p. 173-191. | ||
| 650 | 0 | |a Water |x Purification |x Filtration. | |
| 650 | 0 | |a Enteroviruses. | |
| 700 | 1 | |a Walters, R. P. |q (Reginald P.) | |
| 710 | 2 | |a Australian Water Resources Council. | |
| 830 | 0 | |a Research project (Australian Water Resources Council) ; |v no. 77/95. | |
| 830 | 0 | |a Technical paper (Australian Water Resources Council) ; |v no. 78. | |
| 852 | 8 | |b CARM |h A3:AR03F0 |i C10739 |p 0394552 |f BK | |
| 999 | f | f | |i b5290710-ed9f-5e30-b0a6-bca36134d5d4 |s 73d506c9-841d-5fed-ac31-ab1713212730 |
| 952 | f | f | |p Can circulate |a CAVAL |b CAVAL |c CAVAL |d CARM 1 Store |e C10739 |f A3:AR03F0 |h Other scheme |i book |m 0394552 |